| 000 | 00970cam a2200253 i 4500 | ||
|---|---|---|---|
| 005 | 20171212141903.0 | ||
| 008 | 161110s1987 bw a |000 0 rusoc | ||
| 035 | _axx003849401 | ||
| 039 | 9 |
_a201705040016 _bAUTHORITY _c201612201347 _dkopilwa _c201611170215 _dVLOAD _c201611161216 _dqil _y201611101436 _zvumk |
|
| 040 |
_aTOR U/FIZER _cTOR U/FIZER _dTOR U/FIZER |
||
| 099 | _ahh_748914 | ||
| 100 | 1 |
_aAndriânov, Aleksandr Vladimirovič _d(1951- ). |
|
| 245 | 1 | 0 |
_aCifrovaâ obrabotka informacii v izmeritel'nyh priborah i sistemah / _cA. V. Andriânov, I. I. Špak. |
| 260 |
_aMinsk : _bVyšejšaâ Škola, _c1987. |
||
| 300 |
_a174, [2] s. : _bil. ; _c22 cm. |
||
| 336 |
_aTekst _btxt _2rdacontent |
||
| 337 |
_aBez urządzenia pośredniczącego _bn _2rdamedia |
||
| 338 |
_aWolumin _bnc _2rdacarrier |
||
| 504 | _aBibliogr. s. 172-175. | ||
| 700 | 1 | _aŠpak, Ivan Il'ič. | |
| 710 | 2 |
_aIzdatelʹstvo "Vyšèjšaâ Škola". _4pbl |
|
| 961 | _aWA_310 | ||
| 968 | _aTOR_U | ||
| 999 |
_aVIRTUA40 m _c18797 _d18797 |
||